000 00446nab a2200145Ia 4500
003 ES-SlBCS
005 20210601125241.0
008 140529s1979 xxu||||| |||| 00| 0 eng d
041 _aeng
100 1 _aPolitz, Alfred
_9155971
245 0 0 _aOn the Origin of Space Perception
_c Alfred Politz
650 0 4 _aPercepción Espacial
_9103631
773 0 _tPhilosophy and Phenomenological Research
_gvol. 40, 1979, págs. 258-264
_wRev1411
942 _cAR
999 _c527240
_d527240